[Event "Campeonato de Aragón por Equipos 2008 "]
[Site "Aragón"]
[Date "2008.02.16"]
[Round "3.27"]
[White "Cebollada Pacheco Jesus Raul"]
[Black "Garcia Monterde Francisco Jose"]
[Result "1-0"]
[WhiteElo "2002"]
[BlackElo "1931"]

1.e4 g6 2.d4 Bg7 3.Nf3 c6 4.c4 d6 5.h3 Nd7 6.Nc3 a6 7.a4 e5 8.d5 c5 9.Bd3 Ne7
10.O-O h6 11.Ne1 O-O 12.Be3 f5 13.exf5 gxf5 14.f4 e4 15.Be2 Nf6 16.a5 Bd7 17.
Qd2 Qe8 18.Rb1 Nh5 19.b4 cxb4 20.Rxb4 Ng3 21.Rf2 Nxe2+ 22.Nxe2 Rb8 23.Nc2 Qd8
24.Bb6 Qe8 25.Ne3 Rc8 26.Rf1 Ng6 27.Rfb1 Nh4 28.Qe1 Bf6 29.Qf2 Qg6 30.Qg3 Qxg3
31.Nxg3 Bc3 32.R4b3 Bd2 33.Ngf1 Bxe3+ 34.Nxe3 Rce8 35.Bd4 Bc8 36.Rb6 Rd8 37.c5
Ng6 38.g3 Rf7 39.cxd6 Nf8 40.Nc4 Nd7 41.R6b3 Nf6 42.Nb6 Bd7 43.Rc1 Bb5 44.Be5
Nd7 45.Rc7 Nxb6 46.axb6 Kf8 47.Kf2 h5 48.Rbc3 Rfd7 49.Ke3 Kf7 50.Rc8 Kg6 51.
Rxd8 Rxd8 52.Rc7 Rd7 53.Rc8 Ba4 54.Kd2 Bb5 55.Rg8+ Kh6 56.Rf8 Kg6 57.Rf6+ Kh7
58.Rxf5 Kg6 59.Rf6+ Kh7 60.Ke3 Bd3 61.f5 Rd8 62.Rf7+ Kg8 63.Rxb7 Ra8 64.Rg7+
Kf8 65.Rh7 1-0

[Event "Campeonato de Aragón por Equipos 2008 "]
[Site "Aragón"]
[Date "2008.02.16"]
[Round "3.28"]
[White "Jimenez Fernandez Alejandro"]
[Black "Labena Bernal Antonio"]
[Result "0-1"]
[WhiteElo "1898"]
[BlackElo "1994"]

1.d4 Nf6 2.c4 e6 3.Nf3 d5 4.Nc3 Be7 5.Bg5 h6 6.Bh4 O-O 7.cxd5 Nxd5 8.Bxe7 Qxe7
9.e3 b6 10.Bd3 Bb7 11.O-O Nd7 12.Rc1 c5 13.Bc4 Nxc3 14.bxc3 Rfd8 15.Qb3 e5 16.
Bd5 Bxd5 17.Qxd5 exd4 18.cxd4 Nf6 19.Qf5 Rd5 20.Qc2 Rc8 21.Qa4 Qb7 22.dxc5
Rdxc5 23.Rxc5 Rxc5 24.Rd1 Qc7 25.h3 b5 26.Qb3 a6 27.Nd4 Rc3 28.Qb1 Rc4 29.Ne2
Ne4 30.Rd4 Nc3 31.Qd3 Nxe2+ 32.Qxe2 Rc1+ 33.Rd1 Qc2 34.Qxc2 Rxc2 35.a3 Ra2 36.
Rd3 Ra1+ 37.Kh2 Kf8 38.Kg3 Ke7 39.f4 Rb1 40.Kf3 a5 41.Ke4 a4 42.Kd4 Kd6 43.
Kc3+ Kc5 44.Kc2 Rh1 45.Rd2 Re1 46.Kd3 Rb1 47.Kc2 Re1 48.Kd3 b4 49.Rc2+ Kb5 50.
Rb2 b3 51.e4 Ra1 52.e5 Ra2 53.Kc3 Rxb2 54.Kxb2 Kc5 55.g3 Kd4 56.h4 Ke4 57.Kc3
h5 58.Kb2 Kf5 59.Kc3 g6 60.g4+ 0-1

[Event "Campeonato de Aragón por Equipos 2008 "]
[Site "Aragón"]
[Date "2008.02.16"]
[Round "3.29"]
[White "Hinojar Basa Alfonso"]
[Black "Cantin Zaborras Valentin"]
[Result "1-0"]
[WhiteElo "2210"]
[BlackElo "2141"]

1.e4 d5 2.exd5 Nf6 3.d4 Bg4 4.Nf3 Qxd5 5.Be2 Nc6 6.Be3 O-O-O 7.Nbd2 e5 8.c4
Qa5 9.d5 Bxf3 10.Bxf3 Nd4 11.Bxd4 exd4 12.O-O Qb6 13.a3 Qxb2 14.Nb3 Bd6 15.c5
Be5 16.c6 Nxd5 17.cxb7+ Kb8 18.Nc5 Qb6 19.Nd3 Rhe8 20.Re1 Qd6 21.g3 Bf6 22.
Rxe8 Rxe8 23.Qa4 Re6 24.Nb4 Nxb4 25.axb4 a6 26.b5 Ka7 27.Bc6 1-0

[Event "Campeonato de Aragón por Equipos 2008 "]
[Site "Aragón"]
[Date "2008.02.16"]
[Round "3.30"]
[White "Valiente Roy Jose Javier"]
[Black "Portero Garnica Miguel Angel"]
[Result "0-1"]
[WhiteElo "2109"]
[BlackElo "2181"]

1.d4 d5 2.c4 e6 3.Nc3 Nf6 4.cxd5 exd5 5.Bg5 Be7 6.e3 O-O 7.Bd3 Re8 8.Bxf6 Bxf6
9.Qh5 g6 10.Qxd5 Bxd4 11.Nge2 Bg7 12.Bc4 Qe7 13.O-O c6 14.Qf3 Nd7 15.Ng3 Ne5
16.Qf4 h5 17.Be2 h4 18.Nh1 Kh7 19.Qa4 Be6 20.f4 Ng4 21.Bxg4 Bxg4 22.e4 Bxc3
23.bxc3 Qxe4 24.Qxe4 Rxe4 25.Nf2 Rxf4 26.Nxg4 Rxg4 27.Rxf7+ Kh6 28.Rxb7 Rd8
29.Rf1 a5 30.Rbf7 Kg5 31.Re7 h3 32.Re5+ Kh6 33.g3 Ra4 34.Re2 Rd3 35.Rc1 Rc4
36.Re5 a4 37.Ra5 Rd2 38.Rb1 Rg2+ 39.Kh1 Rxa2 40.Ra8 Rxc3 41.Rh8+ Kg5 42.Rxh3
a3 43.Rh4 Rb2 44.Rf1 a2 45.Ra4 Rb1 46.h4+ Kh6 47.Kg2 Rxf1 48.Kxf1 Rc1+ 0-1

[Event "Campeonato de Aragón por Equipos 2008 "]
[Site "Aragón"]
[Date "2008.02.16"]
[Round "3.31"]
[White "Fabre Perez Jose Maria"]
[Black "Martin Barbero Roberto"]
[Result "0-1"]
[WhiteElo "2081"]
[BlackElo "1963"]

1.e4 c5 2.c3 Nf6 3.e5 Nd5 4.Bc4 e6 5.d4 Nb6 6.Bb3 d5 7.f4 Bd7 8.Nf3 Bb5 9.a4
Ba6 10.dxc5 Bxc5 11.Bc2 Be7 12.Nd4 Nc6 13.Nb5 Nc8 14.Be3 b6 15.O-O g6 16.Qf3
Bb7 17.f5 exf5 18.Bxf5 O-O 19.Bh6 Nxe5 20.Qg3 Re8 21.Bc2 Bc5+ 22.Kh1 Nd6 23.b4
Nxb5 24.bxc5 Nc7 25.Bf4 f6 26.Bxg6 hxg6 27.Bxe5 Rxe5 28.Qxg6+ Kh8 29.Nd2 Rg5
30.Qh6+ Kg8 31.Rxf6 Rg7 32.c6 Ba6 33.Re1 Bd3 34.Re3 Bh7 35.Rg3 Rxg3 36.hxg3
Qe7 37.Nf3 Qg7 38.Qf4 Re8 39.Ng5 Bg6 40.Qd6 Bh7 41.Nxh7 Kxh7 42.Qf4 Kg8 43.Rd6
Ne6 44.Rd7 Nxf4 0-1

[Event "Campeonato de Aragón por Equipos 2008 "]
[Site "Aragón"]
[Date "2008.02.16"]
[Round "3.32"]
[White "Navarro Castan Jesus"]
[Black "Ruiperez Ramon"]
[Result "0-1"]
[WhiteElo "1888"]
[BlackElo "1770"]

1.e4 c5 2.Nf3 Nc6 3.d4 cxd4 4.Nxd4 Nf6 5.Nc3 e5 6.Ndb5 d6 7.Bg5 a6 8.Na3 b5 9.
Nd5 Be7 10.Bxf6 Bxf6 11.c3 O-O 12.Bd3 Bg5 13.O-O Ne7 14.Nxe7+ Qxe7 15.Nc2 Be6
16.a4 bxa4 17.Rxa4 Rfb8 18.Nb4 a5 19.Nc6 Qb7 20.Nxb8 Bb3 21.Qa1 Bxa4 22.Qxa4
Rxb8 23.Rb1 d5 24.exd5 Qxd5 25.Be4 Qd2 26.g3 g6 27.Qxa5 Be3 28.Qxe5 Qxf2+ 29.
Kh1 Rxb2 30.Qb8+ Rxb8 31.Rxb8+ Kg7 32.Rb1 h5 33.Bg2 Qc2 34.Rf1 Qxc3 35.Bd5 f6
36.Bf3 Kh6 37.h4 g5 38.Be4 Qd4 39.Bc6 gxh4 40.Rf3 Qd1+ 41.Kg2 Qg1+ 0-1

[Event "Campeonato de Aragón por Equipos 2008 "]
[Site "Aragón"]
[Date "2008.02.16"]
[Round "3.33"]
[White "Laliena Solares Luis"]
[Black "Palacios Latasa Elias"]
[Result "1-0"]
[WhiteElo "2201"]
[BlackElo "2198"]

1.d4 {299MB, Eco2007.ctg, ASUS X51R
} 1...Nf6 2.Nf3 g6 3.Bf4 Bg7 4.Nc3 d6 5.Qd2 Nbd7 6.Bh6 Bxh6 7.Qxh6 c6 8.e4 Qa5
9.O-O-O b5 10.e5 b4 11.exf6 Nxf6 12.Nb1 Qxa2 13.Bd3 a5 14.Rhe1 Be6 15.Ng5 Bd5
16.Re2 Kd8 17.Rde1 Re8 18.Nxh7 Nxh7 19.Qxh7 Ra7 20.Qh4 a4 21.Qf4 Kd7 22.Qd2
Rb7 23.c3 Bxg2 24.Qg5 f6 25.Qxg2 bxc3 26.bxc3 Qa1 27.Qe4 e5 28.Qxg6 1-0

[Event "Campeonato de Aragón por Equipos 2008 "]
[Site "Aragón"]
[Date "2008.02.16"]
[Round "3.34"]
[White "Sarto Ramos Angel"]
[Black "Cobo Garrido Diego Israel"]
[Result "0-1"]
[WhiteElo "2058"]
[BlackElo "1989"]

1.d4 Nf6 2.Nf3 e6 3.Nbd2 c5 4.e3 b6 5.Bd3 Bb7 6.O-O Be7 7.Qe2 O-O 8.b3 cxd4 9.
exd4 Nd5 10.Ne4 f5 11.Neg5 Nc7 12.c4 Bf6 13.Be3 Nc6 14.Nh3 Kh8 15.Rad1 Ne7 16.
Nf4 Qe8 17.h4 Rd8 18.g3 d6 19.Ng5 Qd7 20.Bb1 h6 21.Bc1 e5 22.dxe5 Qc6 23.Nd5
Nexd5 24.cxd5 Nxd5 25.Qc4 Bxg5 26.hxg5 Nc3 27.Qxc6 Bxc6 28.gxh6 Nxd1 29.hxg7+
Kxg7 30.e6 Bf3 31.e7 Rh8 0-1

[Event "Campeonato de Aragón por Equipos 2008 "]
[Site "Aragón"]
[Date "2008.02.16"]
[Round "3.35"]
[White "Sanz Lopez R"]
[Black "Hernandez Gabriel"]
[Result "1/2-1/2"]
[WhiteElo "1921"]
[BlackElo "2041"]

1.d4 d6 2.Nf3 Nf6 3.c4 Nbd7 4.Nc3 e5 5.Bg5 Be7 6.e3 O-O 7.Be2 c6 8.O-O Re8 9.
Qc2 Qc7 10.Rac1 Nf8 11.Rfd1 Ng6 12.Nh4 Nxh4 13.Bxh4 Bg4 14.Bxg4 Nxg4 15.Bg3 g6
16.h3 Nh6 17.dxe5 dxe5 18.a3 f5 19.b4 Rad8 20.Qb3 Bf6 21.Bh2 Qf7 22.b5 Qe7 23.
Kh1 Nf7 24.a4 Kg7 25.e4 Rd4 26.f3 Bg5 27.Rb1 Red8 28.Bg1 c5 29.Nd5 Qd6 30.b6
a6 31.a5 fxe4 32.Bxd4 exd4 33.fxe4 Ne5 34.Rf1 d3 35.Qc3 Kh6 36.Rf2 d2 37.Rxd2
Bxd2 38.Qxd2+ Kg7 39.Qe2 Rf8 40.Rf1 Rxf1+ 41.Qxf1 Nc6 42.Kg1 Qe5 1/2-1/2

[Event "Campeonato de Aragón por Equipos 2008 "]
[Site "Aragón"]
[Date "2008.02.16"]
[Round "3.36"]
[White "Machin Eduardo"]
[Black "Gayan Miguel Angel"]
[Result "1/2-1/2"]
[WhiteElo "1925"]
[BlackElo "1910"]

1.e4 e6 2.d4 d5 3.exd5 exd5 4.Bd3 Bd6 5.Nf3 Nf6 6.Bg5 O-O 7.O-O Bg4 8.h3 Bh5
9.g4 Bg6 10.Ne5 Bxd3 11.Qxd3 Nbd7 12.Nxd7 Qxd7 13.Bxf6 gxf6 14.Nd2 Bf4 15.Nf3
Bg5 16.Rfe1 h5 17.Nxg5 fxg5 18.Re5 f6 19.Qg6+ Kh8 20.Qh6+ Kg8 21.Qg6+ Kh8 22.
Qh6+ Kg8 1/2-1/2

[Event "Campeonato de Aragón por Equipos 2008 "]
[Site "Aragón"]
[Date "2008.02.16"]
[Round "3.37"]
[White "Lopez Gracia Fernando"]
[Black "Cebrian Valverde Jose Antonio"]
[Result "1/2-1/2"]
[WhiteElo "2293"]
[BlackElo "2206"]

1.e4 e6 2.d4 d5 3.Nc3 Bb4 4.e5 Ne7 5.a3 Bxc3+ 6.bxc3 c5 7.Qg4 cxd4 8.Qxg7 Rg8
9.Qxh7 Qc7 10.Ne2 Nbc6 11.f4 Bd7 12.Qd3 dxc3 13.Nxc3 a6 14.Ne2 Rc8 15.Bd2 Na7
16.Nd4 Bb5 17.Nxb5 Nxb5 18.Rc1 Nc3 19.Bxc3 Qxc3+ 20.Qxc3 Rxc3 21.Kf2 Rxa3 22.
Bd3 Nc6 23.Ra1 Rc3 24.Rhb1 Nd8 25.h4 f6 26.exf6 Kf7 27.Kf3 Kxf6 28.g4 Rc7 29.
g5+ Kg7 30.Kg4 Rf8 31.h5 Rcf7 32.h6+ Kg8 33.Rf1 Nc6 34.Bg6 Ne5+ 35.Kh5 Rxf4
36.Rxf4 Rxf4 37.Re1 Nf3 38.Rh1 e5 39.Be8 Rf5 40.Kg4 Rf4+ 41.Kh5 Rf5 42.Kg4
Rf4+ 1/2-1/2

[Event "Campeonato de Aragón por Equipos 2008 "]
[Site "Aragón"]
[Date "2008.02.16"]
[Round "3.38"]
[White "Gimeno Oteo Marco Antonio"]
[Black "Quintin Navarro Alberto"]
[Result "0-1"]
[WhiteElo "2162"]
[BlackElo "1975"]

1.e4 c5 2.b4 cxb4 3.d4 d5 4.exd5 Qxd5 5.c4 Qd8 6.Nf3 Bg4 7.Be2 e6 8.O-O Nf6 9.
a3 Nc6 10.Bb2 Be7 11.axb4 Bxb4 12.Qb3 O-O 13.Rd1 Qe7 14.Na3 b6 15.Nc2 Bd6 16.
Ne3 Bh5 17.Qa4 Qc7 18.c5 Bxh2+ 19.Kf1 Rac8 20.d5 Nxd5 21.Rxd5 exd5 22.Nxd5 Qd7
23.Rd1 Qe6 24.Bc4 Qh6 25.Bc1 Qg6 26.Nxh2 Bxd1 27.Qxd1 Rfd8 28.Kg1 Qe4 29.Bb3
Nb4 30.Bb2 Nxd5 31.Qh5 Qb1+ 32.Nf1 Qxb2 33.Bxd5 Qf6 34.Ne3 Rxc5 0-1

[Event "Campeonato de Aragón por Equipos 2008 "]
[Site "Aragón"]
[Date "2008.02.16"]
[Round "3.39"]
[White "Arregui Unotria Carlos"]
[Black "Gutierrez Minguenza Ruben"]
[Result "0-1"]
[WhiteElo "1925"]
[BlackElo "2092"]

1.d4 Nf6 2.c4 e6 3.g3 d5 4.Bg2 Be7 5.Nf3 O-O 6.O-O Nbd7 7.Qc2 b6 8.b3 Bb7 9.
Nc3 Rc8 10.Rd1 c5 11.Bg5 Ne4 12.Bxe7 Qxe7 13.Nxe4 dxe4 14.Ne5 cxd4 15.Nxd7
Qxd7 16.Bxe4 Bxe4 17.Qxe4 Rfd8 18.Rd3 f5 19.Qf4 Rc5 20.e3 e5 21.Qh4 Rc6 22.
exd4 Rh6 23.Qg5 Rg6 24.Qh5 exd4 25.Re1 Re6 26.Qd1 Rxe1+ 27.Qxe1 Qd6 28.Qe2 h6
29.f4 Kf8 30.Kf2 Re8 31.Qd2 Re4 32.Qb2 Kg8 33.a3 g5 34.fxg5 hxg5 35.Qd2 f4 36.
gxf4 Rxf4+ 37.Rf3 d3 38.Rxf4 gxf4 39.Kf3 Qc6+ 40.Kf2 Qe4 41.h4 Kg7 42.Qe1 Qd4+
43.Kf3 Kf7 44.Qf2 Qc3 45.Kxf4 d2 46.Kg5+ Kg7 47.Qf1 Qe5+ 48.Kg4 Qe1 49.Qg2
d1=Q+ 50.Kf5+ Kf8 51.Qa8+ Qe8 0-1

[Event "Campeonato de Aragón por Equipos 2008 "]
[Site "Aragón"]
[Date "2008.02.16"]
[Round "3.41"]
[White "Gella Lopez Angel"]
[Black "Romon Poves Raul"]
[Result "0-1"]
[WhiteElo "2094"]
[BlackElo "2207"]

1.d4 d5 2.c4 Nc6 3.Nc3 dxc4 4.Nf3 Nf6 5.e4 Bg4 6.Be3 e6 7.Bxc4 Bxf3 8.gxf3 Bb4
9.Bb5 O-O 10.Bxc6 Bxc3+ 11.bxc3 bxc6 12.Qa4 Qd7 13.Qa5 Ne8 14.Rb1 f5 15.e5 f4
16.Bc1 Rf5 17.Qa4 Rd8 18.Ba3 Qd5 19.Qb3 Qxf3 20.Qxe6+ Rf7 21.Kd2 Qxf2+ 22.Kd3
Qe3+ 23.Kc4 Qe2+ 24.Kc5 Rd5+ 25.Kxc6 Qc4+ 26.Kb7 c5+ 27.Qxf7+ Kxf7 28.Bxc5
Rd7+ 29.Kc6 Rc7# 0-1

[Event "Campeonato de Aragón por Equipos 2008 "]
[Site "Aragón"]
[Date "2008.02.16"]
[Round "3.42"]
[White "Vera Jimenez Andres"]
[Black "Laplaza Ara Carlos"]
[Result "1-0"]
[WhiteElo "2035"]
[BlackElo "2008"]

1.d4 d5 2.c4 e6 3.Nc3 Nf6 4.Bg5 Be7 5.e3 Nbd7 6.Nf3 O-O 7.Bd3 dxc4 8.Bxc4 c5
9.O-O cxd4 10.exd4 Nb6 11.Bb3 Nbd5 12.Rc1 b6 13.Nxd5 Nxd5 14.Bxd5 exd5 15.Bxe7
Qxe7 16.Re1 Qb4 17.Qd2 Qxd2 18.Nxd2 Be6 19.Rc7 Rfc8 20.Rec1 Kf8 21.Kf1 Ke8 22.
Ke2 Kd8 23.Rxc8+ Rxc8 24.Rxc8+ Kxc8 25.Ke3 Kd7 26.f4 f6 27.Nf1 g6 28.Kf3 Bf5
29.g4 Be4+ 30.Ke3 Ke6 31.Ng3 Bb1 32.a3 h6 33.h4 Bc2 34.g5 h5 35.Kd2 Be4 36.
Nxe4 1-0

[Event "Campeonato de Aragón por Equipos 2008 "]
[Site "Aragón"]
[Date "2008.02.16"]
[Round "3.43"]
[White "Gella Bitrian Diego"]
[Black "Ruiz Gutierrez Manuel"]
[Result "0-1"]
[WhiteElo "1844"]
[BlackElo "1899"]

1.e4 c5 2.Nf3 e6 3.d4 cxd4 4.Nxd4 Nf6 5.Nc3 a6 6.e5 Ng8 7.Be2 Qc7 8.Bf4 Bb4 9.
Qd3 Ne7 10.Bf3 Ng6 11.Bg3 Nxe5 12.Qe3 Nxf3+ 13.Qxf3 Qc5 14.Rd1 O-O 15.O-O Nc6
16.Nb3 Qa7 17.Bd6 Bxd6 18.Rxd6 b5 19.Ne4 f5 20.Ng3 Ne5 21.Qc3 Nc4 22.Nh5 Rf7
23.Rd3 Bb7 24.Rg3 e5 25.Nd2 Qd4 26.Qxd4 exd4 27.Nxc4 bxc4 28.Rd1 f4 29.Rg4 Rf5
30.Nxg7 Rb5 31.Ne6+ Kf7 32.Nc7 Rxb2 33.Rxf4+ Ke7 34.Nxa8 Bxa8 35.Rfxd4 d5 36.
c3 Rc2 37.Rh4 Rxc3 38.Rxh7+ Kd6 39.Rh6+ Kc5 40.Rxa6 Bc6 41.Kf1 Rc2 42.h4 c3
43.h5 Bb5+ 44.Kg1 Bxa6 0-1

[Event "Campeonato de Aragón por Equipos 2008 "]
[Site "Aragón"]
[Date "2008.02.16"]
[Round "3.44"]
[White "Fernandez Rubio Rafael"]
[Black "Biarge Carnicer Arturo"]
[Result "0-1"]
[WhiteElo "1790"]
[BlackElo "1838"]

1.e4 c5 2.Nf3 d6 3.d4 Nf6 4.Nc3 cxd4 5.Qxd4 e5 6.Qa4+ Nbd7 7.Be3 Be7 8.h3 O-O
9.O-O-O a6 10.Be2 Rb8 11.Qb3 b5 12.Bd3 b4 13.Nd5 Nxd5 14.exd5 Nf6 15.Bc4 Qc7
16.Nd2 a5 17.Qd3 Bd7 18.f4 Rfc8 19.fxe5 dxe5 20.g4 e4 21.d6 Bxd6 22.Nxe4 Nxe4
23.Qxe4 Bc6 24.Bd5 Bxd5 25.Rxd5 Re8 26.Qd3 Rxe3 27.Qd4 Rc8 28.Qd2 Re1+ 29.Rxe1
Bf4 30.Qxf4 Qxc2# 0-1

[Event "Campeonato de Aragón por Equipos 2008 "]
[Site "Aragón"]
[Date "2008.02.16"]
[Round "3.45"]
[White "Malo Guillen Jose Luis"]
[Black "Lucea Valero Alejandro"]
[Result "1-0"]
[WhiteElo "2198"]
[BlackElo "1965"]

1.d4 d5 2.c4 c6 3.Nc3 Nf6 4.e3 e6 5.Nf3 Nbd7 6.Bd3 dxc4 7.Bxc4 b5 8.Bd3 a6 9.
e4 c5 10.d5 exd5 11.e5 d4 12.exf6 Nxf6 13.Ne4 Be7 14.O-O O-O 15.Qc2 Nd7 16.b3
Bb7 17.Bf4 f5 18.Neg5 Bxg5 19.Nxg5 Qf6 20.Rae1 Bd5 21.Qe2 h6 22.Nh3 Rae8 23.
Qc2 g5 24.Bd2 Qc6 25.Bxf5 Ne5 26.f3 c4 27.Be4 c3 28.Bxd5+ Qxd5 29.Bc1 b4 30.
Nf2 d3 31.Rxe5 Qxe5 32.Qxd3 a5 33.Ng4 Qe6 34.Qb5 Ra8 35.h4 Rf4 36.Bxf4 gxf4
37.Qd5 Re8 38.Rc1 Kf7 39.Nxh6+ Ke7 40.Qc5+ Kd7 41.Rd1+ 1-0

[Event "Campeonato de Aragón por Equipos 2008 "]
[Site "Aragón"]
[Date "2008.02.16"]
[Round "3.46"]
[White "Minguez A"]
[Black "Mombiela de Sus Jose Luis"]
[Result "0-1"]
[WhiteElo "1952"]
[BlackElo "2068"]

1.e4 e6 2.d4 c5 3.Nf3 cxd4 4.Nxd4 Qb6 5.Nb3 Qc7 6.Nc3 a6 7.a4 Nf6 8.Be3 Bb4 9.
Bd2 O-O 10.Bd3 Nc6 11.f4 Bxc3 12.bxc3 e5 13.O-O d6 14.f5 b6 15.Qe1 d5 16.exd5
Ne7 17.Qg3 Nexd5 18.Bh6 Nh5 19.Qg5 f6 20.Qxh5 gxh6 21.Be4 Bb7 22.Qf3 Rad8 23.
Rad1 Qc4 24.a5 b5 25.Rd3 Rd7 26.Rfd1 Rfd8 27.h3 Bc6 28.Bxd5+ Bxd5 29.Qe3 Rg7
30.R1d2 Qc6 31.g3 Kh8 32.Nc5 Rdg8 33.g4 Bc4 34.Qf2 Bxd3 0-1

[Event "Campeonato de Aragón por Equipos 2008 "]
[Site "Aragón"]
[Date "2008.02.16"]
[Round "3.47"]
[White "Artal Alegria Francisco Javier"]
[Black "Vasilev Vas"]
[Result "0-1"]
[WhiteElo "1943"]
[BlackElo "1925"]

1.e4 g6 2.d4 d6 3.Bc4 c6 4.h3 d5 5.exd5 cxd5 6.Bd3 Nc6 7.c3 Bg7 8.Nf3 Nf6 9.
Qe2 a6 10.Bf4 O-O 11.g4 b5 12.b4 Nd7 13.a4 bxa4 14.b5 axb5 15.Bxb5 Qb6 16.O-O
Ba6 17.Na3 Bxb5 18.Nxb5 Ra5 19.Rfb1 Qa6 20.Bc7 Nb6 21.Qa2 Rxb5 22.Rxb5 Qxb5
23.Bxb6 Qxb6 24.Qxa4 e6 25.Qc2 Nxd4 26.cxd4 Bxd4 27.Nxd4 Qxd4 28.Ra4 Qe5 29.
Qd2 g5 30.f4 gxf4 31.Rxf4 Rb8 32.Rb4 Rxb4 33.Qxb4 Qg3+ 34.Kf1 Qf3+ 35.Kg1 Qg3+
36.Kf1 Qxh3+ 37.Kf2 Qh2+ 38.Kf3 Qe5 39.Qb6 d4 40.Qd8+ Kg7 41.g5 Qd5+ 0-1

[Event "Campeonato de Aragón por Equipos 2008 "]
[Site "Aragón"]
[Date "2008.02.16"]
[Round "3.48"]
[White "Arteaga F"]
[Black "Tirapo Larcuen Ana"]
[Result "0-1"]
[WhiteElo "1712"]
[BlackElo "1883"]

1.e4 c5 2.Nf3 e6 3.d4 cxd4 4.Nxd4 Nf6 5.Nc3 d6 6.Bc4 Be7 7.Bb3 Nc6 8.Be3 O-O
9.Qd2 Ng4 10.O-O Nxe3 11.Qxe3 a6 12.a3 Qc7 13.h3 Na5 14.Ba2 Nc4 15.Bxc4 Qxc4
16.Qd3 Qc5 17.Nb3 Qc7 18.Rad1 b5 19.Kh1 Bb7 20.Nd4 Rfd8 21.Rd2 Bf6 22.f4 d5
23.e5 Be7 24.Nce2 Rac8 25.c3 Kh8 26.Qf3 Rf8 27.Qg4 Rg8 28.h4 g6 29.Rfd1 h5 30.
Qh3 Qd8 31.Nf3 a5 32.Ned4 b4 33.axb4 axb4 34.Rc2 bxc3 35.bxc3 Qa5 36.Ng5 Rgf8
37.Qe3 Bc5 38.Rdc1 Ba6 39.g3 Bb5 40.Qd2 Bxd4 41.Qxd4 Rc4 42.Qf2 Qc7 43.Nf3 Ba4
44.Ra2 Rc8 45.Ra3 Be8 46.Qe3 Kg7 47.Kh2 Qb7 48.Qd2 Qe7 49.Qb2 Qc5 50.Nd4 Rxd4
0-1

[Event "Campeonato de Aragón por Equipos 2008 "]
[Site "Aragón"]
[Date "2008.02.16"]
[Round "3.49"]
[White "Lopez Guaita Fernando"]
[Black "Valles Mata David"]
[Result "0-1"]
[WhiteElo "2065"]
[BlackElo "2107"]

1.e4 e6 2.d3 d5 3.Nd2 Nf6 4.g3 c5 5.Bg2 Nc6 6.Ngf3 Be7 7.O-O O-O 8.c3 b5 9.Re1
Bb7 10.e5 Nd7 11.h4 Qc7 12.Qe2 b4 13.Nf1 bxc3 14.bxc3 Rab8 15.Bf4 Ba6 16.N1h2
Qa5 17.Rac1 c4 18.d4 Ba3 19.Rc2 Bb5 20.Ng5 Ba4 21.Ng4 Bxc2 22.Qxc2 g6 23.Be3
Rb2 24.Qd1 Qxc3 25.h5 Rfb8 26.hxg6 hxg6 27.Nh6+ Kg7 28.Nhxf7 Qxe1+ 29.Qxe1 Rb1
30.Qxb1 Rxb1+ 31.Kh2 c3 32.Bh3 Nf8 33.Nd6 Bxd6 34.exd6 c2 35.Bxe6 Nxe6 36.
Nxe6+ Kf6 0-1

[Event "Campeonato de Aragón por Equipos 2008 "]
[Site "Aragón"]
[Date "2008.02.16"]
[Round "3.50"]
[White "Avellanas Pau Miguel Angel"]
[Black "Rodes Apilluelo Jose Maria"]
[Result "1/2-1/2"]
[WhiteElo "1934"]
[BlackElo "2053"]

1.e4 c6 2.Nf3 d5 3.Nc3 d4 4.Nb1 c5 5.Bc4 e6 6.d3 Nd7 7.c3 Nb6 8.cxd4 cxd4 9.
Bb5+ Bd7 10.Nxd4 Bb4+ 11.Bd2 Bc5 12.Bxd7+ Qxd7 13.Nb3 Be7 14.Bc3 Nf6 15.Qd2
Rd8 16.Ke2 Nxe4 17.Qe3 Nxc3+ 18.Nxc3 O-O 19.Rad1 Bf6 20.Nc5 Qc6 21.N5e4 Bd4
22.Qf3 Nd5 23.Rc1 Qa6 24.h4 Bxc3 25.Nxc3 Nb4 26.Rhd1 Nxa2 27.Ra1 Nxc3+ 28.bxc3
Qd6 29.Rxa7 Qe5+ 30.Kd2 b5 31.Rb1 Rb8 32.Ra5 Qc5 33.c4 Qd4 34.Raxb5 Rbc8 35.
R5b4 Qxh4 36.c5 Qe7 37.Rc4 Rc7 38.c6 h6 39.Rb7 Rfc8 40.Rxc7 Rxc7 41.Qe4 Qg5+
42.f4 Qa5+ 43.Ke2 Qh5+ 44.Qf3 Qxf3+ 45.Kxf3 Kf8 46.g3 Ke7 47.Ke3 Kd6 48.Rd4+
Kxc6 49.Rd8 Rd7 50.Ra8 Kd6 51.Rg8 g6 52.Ra8 h5 53.Kf3 Ke7 54.Ke3 Kf6 55.Ra4
Rd5 56.Ra7 Rf5 57.Ke4 g5 58.Ra8 gxf4 59.gxf4 Kg7 60.Ra1 h4 61.Rh1 Rh5 62.Kf3
h3 1/2-1/2

[Event "Campeonato de Aragón por Equipos 2008 "]
[Site "Aragón"]
[Date "2008.02.16"]
[Round "3.51"]
[White "Bayod Rubia Angel"]
[Black "Cuello Borau Jorge"]
[Result "1-0"]
[WhiteElo "2042"]
[BlackElo "1839"]

1.e4 e5 2.Nf3 Nc6 3.d4 exd4 4.Nxd4 Nf6 5.Nxc6 bxc6 6.Bd3 Bc5 7.O-O O-O 8.e5
Nd5 9.a3 a5 10.c4 Nb6 11.Nc3 Qe7 12.Bf4 f6 13.exf6 Qxf6 14.Qh5 g6 15.Qxc5 Qxf4
16.Ne4 Bb7 17.Qg5 Qxg5 18.Nxg5 c5 19.Rfe1 Rae8 20.Ne4 d6 21.Nf6+ Kf7 22.Nxe8
Rxe8 23.Rxe8 Kxe8 24.Re1+ Kf7 25.Be4 Bxe4 26.Rxe4 h5 27.h3 Nd7 28.Re3 Ne5 29.
Rc3 Kf6 30.f4 Nd7 31.g4 c6 32.Rd3 Ke6 33.Re3+ Kf6 34.Kf2 d5 35.cxd5 cxd5 36.
Re8 1-0

[Event "Campeonato de Aragón por Equipos 2008 "]
[Site "Aragón"]
[Date "2008.02.16"]
[Round "3.52"]
[White "Santorroman Jovellar Javier"]
[Black "De la Riva Fernandez Eduardo"]
[Result "0-1"]
[WhiteElo "1822"]
[BlackElo "1990"]

1.e4 e6 2.d4 d5 3.Nc3 Nf6 4.e5 Nfd7 5.Nce2 c5 6.c3 Nc6 7.f4 Be7 8.Nf3 cxd4 9.
cxd4 O-O 10.a3 Qb6 11.Nc3 f6 12.b4 fxe5 13.fxe5 Ndxe5 14.dxe5 Nxe5 15.Qe2
Nxf3+ 16.gxf3 Bh4+ 17.Kd2 Bd7 18.Bb2 Rac8 19.Bg2 Rf4 20.Qe3 d4 21.Qxf4 dxc3+
22.Bxc3 Qf2+ 23.Kd1 Ba4+ 0-1

[Event "Campeonato de Aragón por Equipos 2008 "]
[Site "Aragón"]
[Date "2008.02.16"]
[Round "3.53"]
[White "Gavin Roche Enrique"]
[Black "Aparicio Navarro Pedro Jose"]
[Result "1-0"]
[WhiteElo "2278"]
[BlackElo "2196"]

1.d4 Nf6 2.c4 g6 3.Nc3 Bg7 4.e4 O-O 5.Nf3 d6 6.Be2 e5 7.d5 Nbd7 8.Bg5 h6 9.Bh4
g5 10.Bg3 Nh5 11.h4 Nxg3 12.fxg3 g4 13.Nd2 h5 14.O-O Nc5 15.b4 Na6 16.Rb1 f5
17.exf5 Bxf5 18.Nde4 Bh6 19.Bd3 Qe7 20.Qe2 Bh7 21.a3 Rxf1+ 22.Rxf1 Rf8 23.
Rxf8+ Qxf8 24.c5 dxc5 25.b5 Nb8 26.d6 cxd6 27.Qa2+ Kh8 28.Qe6 Bf5 29.Qd5 Be3+
30.Kh2 Bd4 31.Ne2 Qe7 32.Bc4 Bh7 33.Nxd6 Nd7 34.Nxd4 cxd4 35.Nf7+ Kg7 36.Qxb7
e4 37.Qd5 Nf6 38.Qxd4 e3 39.Ne5 Qxa3 40.Nd7 Qe7 41.Nxf6 Qxf6 42.Qxa7+ 1-0

[Event "Campeonato de Aragón por Equipos 2008 "]
[Site "Aragón"]
[Date "2008.02.16"]
[Round "3.54"]
[White "Munoz Munoz Juan Carlos"]
[Black "Navarro Sancho Rafael"]
[Result "1-0"]
[WhiteElo "2137"]
[BlackElo "1963"]

1.d4 Nf6 2.Nf3 g6 3.g3 Bg7 4.Bg2 d6 5.O-O O-O 6.c4 Nbd7 7.Nc3 c5 8.h3 Rb8 9.e4
cxd4 10.Nxd4 Nb6 11.b3 Bd7 12.Be3 Bc6 13.Qc2 a6 14.Rad1 Nbd7 15.f4 Qc8 16.Qf2
Ne8 17.Qd2 Nc7 18.Nxc6 bxc6 19.e5 Ne8 20.Ne4 f5 21.exd6 exd6 22.Nxd6 Nxd6 23.
Qxd6 Nf6 24.Qxc6 Re8 25.Ba7 Rb4 26.Qd6 Rb7 27.Bxb7 Qxb7 28.Bf2 Qf3 29.Qd3 Qh5
30.Kg2 Ne4 31.Qd5+ Kh8 32.Qd3 g5 33.fxg5 Qxg5 34.Bd4 h5 35.Bxg7+ Kxg7 36.h4
Qg6 37.Rf3 Re6 38.Qd4+ Kh6 39.Qh8+ Qh7 40.Qxh7+ Kxh7 41.Rxf5 Nf6 1-0

[Event "Campeonato de Aragón por Equipos 2008 "]
[Site "Aragón"]
[Date "2008.02.16"]
[Round "3.55"]
[White "Velamazan Gomez Angel"]
[Black "Sanchez Moreno Jose Carlos"]
[Result "1/2-1/2"]
[WhiteElo "1960"]
[BlackElo "2019"]

1.d4 Nf6 2.Nf3 d6 3.c4 Nbd7 4.Nc3 e5 5.Bg5 Be7 6.e4 O-O 7.Be2 h6 8.dxe5 dxe5
9.Bxf6 Bxf6 10.O-O a5 11.Qc2 c6 12.Rad1 Qe7 13.Na4 b6 14.Nd2 Ba6 15.Nb3 Rfc8
16.Rxd7 Qxd7 17.Nxb6 Qe7 18.Nxa8 Rxa8 19.Nxa5 Bc8 20.Qc3 c5 21.a3 Bg5 22.Rd1
Ra6 23.b4 Bf4 24.b5 Rg6 25.Nc6 Rxg2+ 26.Kxg2 Qh4 27.h3 Qg5+ 28.Kh1 Qh4 29.Rd8+
Kh7 30.Kg2 Be6 31.Bg4 Bxg4 32.hxg4 Qh2+ 33.Kf1 Qh1+ 34.Ke2 Qxe4+ 35.Kd1 Qb1+
36.Ke2 Qe4+ 1/2-1/2

[Event "Campeonato de Aragón por Equipos 2008 "]
[Site "Aragón"]
[Date "2008.02.16"]
[Round "3.56"]
[White "Martinez Crespo Juan"]
[Black "Salvador Monge  Tomas"]
[Result "0-1"]
[WhiteElo "1896"]
[BlackElo "1944"]

1.d4 d5 2.Nf3 Nf6 3.e3 Bf5 4.c4 c6 5.Nc3 e6 6.Qb3 Qc7 7.Bd2 Nbd7 8.Rc1 Qb6 9.
cxd5 Qxb3 10.axb3 exd5 11.Be2 Bd6 12.Nh4 Be6 13.g3 g5 14.Ng2 Bh3 15.O-O Ne4
16.Nxe4 dxe4 17.Bc3 O-O 18.Rfd1 Nb6 19.Ne1 Be6 20.b4 a6 21.Nc2 f5 22.Na3 f4
23.Be1 f3 24.Bc4 Rae8 25.Bxe6+ Rxe6 26.Nc4 Nxc4 27.Rxc4 Rf5 28.Bc3 Rd5 29.Rc1
g4 30.Be1 Rh6 31.Rd1 Rh3 32.Bc3 Rdh5 33.b5 Rxh2 0-1

[Event "Campeonato de Aragón por Equipos 2008 "]
[Site "Aragón"]
[Date "2008.02.16"]
[Round "3.58"]
[White "Vicente Sanz Fernando"]
[Black "Juberias Santiago"]
[Result "1/2-1/2"]
[WhiteElo "1938"]
[BlackElo "2145"]

1.d4 Nf6 2.c4 g6 3.Nc3 Bg7 4.e4 d6 5.f3 O-O 6.Be3 e5 7.d5 Nh5 8.Bd3 f5 9.Nge2
Na6 10.a3 Nc5 11.Bc2 fxe4 12.Nxe4 Nxe4 13.Bxe4 Qh4+ 14.Bf2 Qg5 15.O-O Bh6 16.
Kh1 Nf4 17.Nxf4 Qxf4 18.Qe2 b6 19.Rfe1 Qf6 20.b4 Bf5 21.c5 Bxe4 22.Qxe4 Qe7
23.Qc4 bxc5 24.bxc5 Rae8 25.Kg1 Qf7 26.cxd6 cxd6 27.Rab1 Rc8 28.Qa6 Rc7 29.
Qxd6 Rd7 30.Qxe5 Rxd5 31.Qe7 Rd7 32.Qxf7+ Kxf7 33.Rb5 Rc8 34.Reb1 Rcc7 35.a4
Bc1 36.Kf1 Rd1+ 37.Ke2 Rd2+ 38.Kf1 Rd1+ 39.Ke2 Rd2+ 40.Kf1 1/2-1/2